LDR 01251naa#a2200217#i#450# 001 RU\RIOR\bibl\124146 005 20260629120203.1 011 ## _a2409-6024 100 ## _a20260530b2026####ek#y0rusy0150####ca 102 ## _aRU 200 1# _aСтратегический менеджмент академической честности в цифровой среде университета как фактор обеспечения конкурентоспособности и устойчивого развития вуза _eЖурнальная статья 210 1# _aМосква _cООО "Издательский Центр РИОР" _d2026 215 ## _a14 с. 606 ## _aЭкономика и управление. 38.00.00 _2local 608 ## _aЖурнальная статья _2local 675 ## _aЭкономика. Народное хозяйство. Экономические науки. 33 _z 686 ## _aЭкономика. Экономические науки. 65 _2bbk 686 ## _aЭкономика. Бухгалтерский учет. Финансы. 77 _2tbk 686 ## _aЭКОНОМИКА И ЭКОНОМИЧЕСКИЕ НАУКИ. 06.00 _2grnti 700 #1 _aЛоскутова _gМайя Алексеевна 856 4# _ariorpub.com _u